000 00571nam a22001937a 4500
003 BD-DhJNU
005 20251007064357.0
008 251007b |||||||| |||| 00| 0 eng d
020 _a9789331321275
040 _aBD-DhJNU
_bENG
_cBD-DhJNU
_dBD-DhJNU
082 _223
_a338.3727 JOE
100 _aJoshi, Mahesh V.
245 _aEconomics of fisheries /
_cDr. Mahesh V. Joshi
260 _aNew Delhi :
_bA.P.H. Publishing,
_c1996.
300 _axiv, 200 p. :
_bill. ;
_c22 cm.
504 _aIncludes bibliographies and index
650 _aEconomics
942 _2ddc
_cBK
_n0
999 _c2173
_d2173